| 000 | 00544nam a22001697a 4500 | ||
|---|---|---|---|
| 999 |
_c9105 _d9105 |
||
| 008 | 210323b ||||| |||| 00| 0 eng d | ||
| 040 | _aBMS College of Architecture | ||
| 100 | _aR, Samyukta | ||
| 245 | _aTheatre of the turning radius- transport interchange at Hebbal | ||
| 300 | _a62p. | ||
| 500 | _a1BM06AT033 | ||
| 502 |
_8B.Arch _NBMS College of Architecture, Visvesvaraya Technological University _aProject report _d2011 |
||
| 650 | _aHebbal | ||
| 700 |
_aSindhu Srikanth _eGuide |
||
| 700 |
_aK R Madhu Chand _eGuide |
||
| 942 |
_2ddc _cTHE |
||